Mies van der Rohe Vila Tugendhat v Brně /

Guardado en:
Detalles Bibliográficos
Autores principales: Pelčák, Petr (Autor), Wahla, Ivan (Autor), Ambroz, Miroslav (Autor)
Formato: Libro
Lenguaje:checo
Publicado: Brno : Spolek Obecní dům Brno, 2016
Edición:1. vydanie - dotlač
Materias:
Etiquetas: Agregar Etiqueta
Sin Etiquetas, Sea el primero en etiquetar este registro!

MARC

LEADER 00000nam a22000003a 4500
001 0023603
003 SK-STU
005 20170511135605.2
007 ta
008 170426s ----xo-----e------000-0-----d
020 |a 978-80-904806-2-9 
040 |a STU  |b slo 
041 0 |a cze 
044 |a xr 
100 1 |a Pelčák, Petr  |4 aut  |r Z6 
245 1 0 |a Mies van der Rohe Vila Tugendhat v Brně /  |c aut. Petr Pelčák, Ivan Wahla, Miroslav Ambroz 
250 |a 1. vydanie - dotlač 
260 |a Brno :  |b Spolek Obecní dům Brno,  |c 2016 
300 |a 172 s. 
650 0 7 |a architektúra Česko 
650 0 7 |a rodinný dom 
650 0 7 |a moderna 
650 0 7 |a priestorová estetika 
650 0 7 |a architekti európski 
650 0 7 |a architekti nemeckí 
700 1 |a Wahla, Ivan  |4 aut 
700 1 |a Ambroz, Miroslav  |r Z6  |4 aut 
996 |b 284AU06996  |c A* 10130/U  |l AAKNST  |s P  |a 0  |w 0023603_0001